| 000 | 00534nam a2200193Ia 4500 | ||
|---|---|---|---|
| 008 | 151119s9999||||xx |||||||||||||| ||und|| | ||
| 082 | _a332.3 | ||
| 082 | _bGKKV19717 | ||
| 100 | _aभुर्के श्याम | ||
| 245 | _aअर्थमैत्री | ||
| 260 | _a-- | ||
| 260 | _b-- | ||
| 260 | _c1991 | ||
| 600 | _aभुर्के श्याम | ||
| 630 | _aअर्थमैत्री | ||
| 700 | _aभुर्के श्याम | ||
| 730 | _aअर्थमैत्री | ||
| 942 | _cBOOK | ||
| 999 |
_c1072646 _d1072643 |
||